000 00363nam a2200169Ia 4500
100 _aMahalakshmi/M
650 _aMicrocontroller
942 _cBK
366 _f20
654 _a8051 mcirocontroller
245 _a8051 Microcontroller architecture
260 _bUSP
_c2012
082 _bMAH
300 _a218
546 _aENGLISH
_cPAMPHALETS
999 _c19802
_d19802